[Event "WSTCC-50 2020"]
[Site "Prague"]
[Date "2020.03.11"]
[Round "6.3"]
[White "Levin, Felix"]
[Black "Benjamin, Joel"]
[Result "1/2-1/2"]
[WhiteElo "2480"]
[BlackElo "2508"]
[Annotator "TA"]
[PlyCount "70"]
[EventDate "2020.03.06"]
[EventType "team-tourn"]
[EventCountry "CZE"]
[SourceTitle "playchess.com"]
[Source "ChessBase"]
[SourceQuality "1"]

{[%evp 23,70,39,38,38,35,31,27,15,26,20,33,23,27,15,10,-29,-36,-46,-38,-43,-44,-48,-41,-36,-33,-40,-38,-67,-57,-79,-69,-121,-76,-179,0,0,10,10,10,0,0,0,0,0,0,0,0,0,0]} 1. d4 Nf6 2. c4 e6 3. g3 Bb4+ 4. Bd2 Qe7 5. Nf3 Nc6 6. Nc3 Bxc3 7. Bxc3 Ne4 8. Rc1 d6 9. d5 Nxc3 10. Rxc3 Nd8 11. Bg2 O-O 12. O-O e5 13. c5 {E11: Bogo-Indian.} dxc5 14. Qc2 e4 15. Nd2 {White has an edge.} f5 $1 16. f3 e3 17. Nc4 f4 $1 {[#]} 18. gxf4 $146 ({Predecessor:} 18. Qe4 Qg5 19. gxf4 Rxf4 20. Qe8+ Rf8 21. Qe5 Qxe5 22. Nxe5 Re8 23. f4 g5 24. Rxc5 gxf4 {1-0 (33) Shneider,A (2530)-Certic,B (2435) Belgrade 1995}) 18... Rxf4 19. Nxe3 Nf7 20. Nd1 b6 $1 21. e3 Rh4 22. f4 Nd6 $1 23. e4 {[#] Hoping for e5.} Ba6 24. Rf2 Rf8 25. Ra3 Bb5 26. Rxa7 Rhxf4 27. a4 (27. Rxf4 $15 Rxf4 28. Ra8+ Be8 29. Qc3) 27... Be8 {...Rxf2 is the strong threat.} 28. a5 {[#]} (28. Rxf4 $17 Rxf4 29. Qe2) 28... Qe5 $2 (28... Nxe4 29. Rxf4 Rxf4 30. Qb3 $15) (28... Rxf2 $1 $19 29. Nxf2 Qg5) 29. Qc3 $36 {[%mdl 2048] White has the initiative.The position is equal.} Qg5 30. Qg3 Rg4 $1 {[%cal Rg4g3]} ({Not} 30... Nxe4 $2 31. Qxg5 Nxg5 32. Rxf4 $18) 31. Rxf8+ Kxf8 32. Qf3+ Rf4 33. Qg3 Rg4 ({Much weaker is} 33... Nxe4 $6 34. Qxg5 Nxg5 35. d6 $16) 34. Qf3+ Rf4 35. Qg3 Rg4 {Accuracy: White = 72%, Black = 87%.} ({But not} 35... Nxe4 $6 36. Qxg5 Nxg5 37. d6 $16) 1/2-1/2

[Event "WSTCC-50 2020"]
[Site "Prague"]
[Date "2020.03.11"]
[Round "6.4"]
[White "Novikov, Igor"]
[Black "Meister, Jakob"]
[Result "1-0"]
[WhiteElo "2551"]
[BlackElo "2427"]
[Annotator "TA"]
[PlyCount "97"]
[EventDate "2020.03.06"]
[EventType "team-tourn"]
[EventCountry "CZE"]
[SourceTitle "playchess.com"]
[Source "ChessBase"]
[SourceQuality "1"]

{[%evp 15,97,19,26,27,45,45,53,39,44,44,77,75,125,120,115,115,119,118,120,122,121,127,119,119,119,120,115,125,125,122,124,128,138,131,130,129,127,127,159,157,156,127,124,109,117,0,124,124,128,123,170,145,131,131,133,121,143,121,177,182,206,206,285,290,361,85,85,85,904,843,824,695,954,908,12831,12831,12834,12834,12835,12834,12838,12839,12838,12838]} 1. d4 Nf6 2. c4 e6 3. Nf3 Bb4+ 4. Bd2 Bxd2+ 5. Qxd2 O-O 6. g3 b6 7. Bg2 Bb7 8. Nc3 d6 9. d5 {E16: Queen's Indian: 4 g3 Bb7 5 Bg2 Bb4+.} exd5 10. cxd5 {[#]} b5 $146 ({Predecessor:} 10... Re8 11. O-O a5 12. Nd4 Na6 13. Rfe1 Nc5 14. Rad1 Qd7 15. e4 Ba6 16. Qc2 b5 {½-½ (34) Vazquez,F (2103)-El Ters,A (2200) Montevideo 2019}) 11. Nxb5 {White is slightly better.} Bxd5 12. Rc1 c6 13. Nc3 Ne4 14. Nxe4 Bxe4 15. O-O Qe7 16. Rfd1 Rd8 17. Qe3 {Threatens to win with Nd2.} Qe8 18. Nd4 Bxg2 19. Qxe8+ Rxe8 20. Kxg2 a5 21. Nxc6 Nxc6 22. Rxc6 Rxe2 23. Rcxd6 $16 {[%mdl 4096] Endgame KRR-KRR} g6 24. R1d2 Ree8 25. Rb6 Ra7 26. a4 h5 27. b3 Rc8 28. Kh3 Kg7 29. Kh4 Rc3 30. Kh3 ({White should try} 30. Rb5 $16) 30... Re7 (30... Rc8 $1 $11 {keeps the balance.}) 31. Rb5 Ra7 32. Kg2 Kf6 33. Rd6+ Kg7 34. Rdb6 $1 Rc2 35. Rb7 Ra6 {[#]} 36. R5b6 $1 {[%cal Rb6a6]} Rxb6 (36... Ra8 $16) 37. Rxb6 {KR-KR} Rb2 38. h4 f6 {[#]} 39. Rb5 $1 Kh6 40. Kf3 $2 (40. Rxa5 $18 {Rb5 is the strong threat.} Rxb3 41. Ra8) 40... g5 41. g4 hxg4+ $2 {[%mdl 8192] This costs Black the game.} (41... gxh4 $16 42. gxh5 (42. Rxh5+ Kg6 $16) 42... f5 43. Rxf5 Rxb3+ 44. Kg2 h3+ 45. Kh1 Rc3 46. Rxa5 Rf3) 42. Kxg4 $18 {White is clearly winning.} gxh4 43. f3 Kg6 44. Kxh4 Rd2 45. Rxa5 Rd3 46. Rb5 Rxf3 47. a5 Rf4+ 48. Kg3 Rf1 49. Rb4 {Accuracy: White = 83%, Black = 61%.} 1-0

[Event "WSTCC-50 2020"]
[Site "Prague"]
[Date "2020.03.11"]
[Round "6.5"]
[White "Hracek, Zbynek"]
[Black "Bryson, Douglas M"]
[Result "1-0"]
[WhiteElo "2572"]
[BlackElo "2334"]
[Annotator "TA"]
[PlyCount "103"]
[EventDate "2020.03.06"]
[EventType "team-tourn"]
[EventCountry "CZE"]
[SourceTitle "playchess.com"]
[Source "ChessBase"]
[SourceQuality "1"]

{[%evp 10,103,35,40,52,22,25,45,29,38,34,22,26,13,33,42,34,-14,-1,-10,-12,0,8,-3,29,25,29,16,32,34,50,28,25,30,38,33,50,0,29,0,0,0,30,22,97,119,112,131,116,100,168,159,274,274,274,250,250,250,296,272,381,328,439,454,448,427,478,362,337,302,381,382,382,379,428,432,394,366,591,525,456,431,685,650,782,724,701,682,5093,5093,5093,5093,5081,5081,4133,4133]} 1. e4 d5 2. exd5 Nf6 3. Nf3 Qxd5 4. Nc3 Qa5 5. d4 Bf5 6. Bd2 e6 {B01: Scandinavian Defence.} 7. Ne5 Qb6 8. Qf3 c6 {White is slightly better.} 9. O-O-O Nbd7 10. Nc4 Qd8 {Black wants to play ...Bg4.} 11. h3 Be7 {[#]} 12. g4 $146 ({Predecessor:} 12. Bf4 O-O 13. g4 Bg6 14. h4 h5 15. Ne5 hxg4 16. Nxg4 Nxg4 17. Qxg4 Nf6 18. Qg2 {0-1 (57) Lopez Gomez,J-Rodda Romero,J Cuba 2002}) 12... Bg6 13. Bd3 Bxd3 14. Qxd3 b5 15. Ne3 Nb6 16. f4 Nfd5 17. f5 Nxe3 18. Bxe3 exf5 19. gxf5 b4 20. Ne4 O-O 21. Rhg1 {And now Bh6 would win.} Kh8 22. Rg4 f6 23. Ng3 Qd5 24. b3 $36 {[%mdl 2048] Black is under pressure.} Qf7 25. Ne2 {Rdg1 is the strong threat.} Nd5 26. Rdg1 Bd6 (26... Rg8 $11 {remains equal.}) 27. Rxg7 $16 {Black is now going downhill.} Qxg7 28. Rxg7 Kxg7 29. Bd2 Rac8 (29... a5 $16) 30. Ng3 $18 Bxg3 (30... Rf7 $16 {might work better.} 31. Ne4 Bf8) 31. Qxg3+ Kh8 32. Qd6 a5 33. a3 Rfd8 34. Qc5 Rb8 (34... Rg8 $142 35. axb4 Rg1+ 36. Kb2 Rg2) 35. Kb2 Rdc8 36. Qxa5 Ra8 37. Qc5 bxa3+ 38. Ka2 Re8 39. Qc4 Rac8 40. Kxa3 Re7 41. Qa6 Rcc7 {Strongly threatening ...Ra7.} 42. Kb2 Kg7 43. h4 Red7 $2 (43... Re4 44. h5 Rxd4) 44. h5 {White is clearly winning.} Ne7 45. Qe2 Rxd4 (45... h6 $142 46. Ba5 Ra7) 46. Bc3 Rd5 {[#]} 47. h6+ $1 {[%mdl 512]} Kf8 (47... Kxh6 48. Qh2+) 48. Qe6 Nxf5 49. Bb4+ Ne7 50. Qxf6+ Ke8 51. Qh8+ {[%mdl 64] [#] Double Attack} Kd7 52. Bxe7 {Accuracy: White = 91%, Black = 58%.} 1-0

[Event "WSTCC-50 2020"]
[Site "Prague"]
[Date "2020.03.11"]
[Round "6.6"]
[White "Farrell, Neil"]
[Black "Haba, Petr"]
[Result "0-1"]
[WhiteElo "2183"]
[BlackElo "2470"]
[Annotator "TA"]
[PlyCount "76"]
[EventDate "2020.03.06"]
[EventType "team-tourn"]
[EventCountry "CZE"]
[SourceTitle "playchess.com"]
[Source "ChessBase"]
[SourceQuality "1"]

{[%evp 13,76,15,67,27,15,18,31,29,26,-20,0,0,0,0,0,0,0,0,-14,-16,-15,-24,-13,-23,-39,-30,-33,-22,-30,-25,0,-70,-64,-92,-80,-101,-25,-35,-50,-139,-139,-137,-138,-217,-236,-233,-206,-213,-219,-246,-232,-263,-260,-264,-234,-301,-281,-1943,-1809,-29985,-29986,-29991,-29992,-29995,-29996]} 1. d4 d5 2. c4 dxc4 3. Nf3 Nf6 4. e3 e6 5. Bxc4 c5 6. O-O a6 7. Bb3 Nbd7 (7... b5 $11) 8. Re1 {D27: Queen's Gambit Accepted: Classical main line: 7 e4!? and 7 a4.} (8. e4 $5) 8... b5 9. e4 Bb7 10. e5 {White is slightly better.} Nd5 11. Nbd2 cxd4 12. Ne4 Nc5 {Strongly threatening ...Nxe4.} 13. Bg5 {[#]} Qb6 $146 ({Predecessor:} 13... Qd7 14. Qxd4 Nxe4 15. Qxe4 h6 16. Qh4 Be7 17. Bxe7 Qxe7 18. Qg4 O-O 19. Nd2 Qg5 20. Qxg5 hxg5 {0-1 (40) Pedersen,N (2466)-Rasmussen,A (2389) Aalborg 2007}) 14. Bxd5 Bxd5 15. Qxd4 {Hoping for Nd6+!} Nd7 16. Qd2 h6 $36 {[%mdl 2048] Black has the initiative.} 17. Bf4 Qb7 18. Nd6+ Bxd6 $1 19. exd6 Bxf3 20. gxf3 Qxf3 21. Re3 Qh5 22. Rc1 (22. Rg3 $11) 22... O-O $15 23. Rc7 Rad8 24. Rg3 {[#] aiming for Bxh6.} Kh7 (24... Kh8 $1 $17) 25. Qd4 {[%csl Gg3][%cal Rd4g7]} e5 26. Qd5 ({Better is} 26. Qd3+ $15 Kh8 27. Bd2) 26... Qf5 $17 27. Be3 {[#]} Nf6 $1 {[%cal Rf6d5]} 28. Qg2 (28. Qf3 $17 {keeps fighting.} Qxf3 29. Rxf3) 28... Nh5 $19 29. Qd5 Nxg3 30. hxg3 Rd7 31. Rc6 Re8 32. Rxa6 Re6 33. Bc5 h5 34. b4 {[#]} h4 $1 {And now ...hxg3 would win.} 35. Ra8 $2 (35. Ra3) (35. gxh4 Rg6+) 35... hxg3 {( -> ...Rexd6!)} 36. fxg3 Rh6 {Black mates.} 37. Re8 Qb1+ 38. Kg2 Qh1+ {Accuracy: White = 50%, Black = 95%.} 0-1

[Event "WSTCC-50 2020"]
[Site "Prague"]
[Date "2020.03.11"]
[Round "6.7"]
[White "Velicka, Petr"]
[Black "Grant, Jonathan I M"]
[Result "1-0"]
[WhiteElo "2425"]
[BlackElo "2166"]
[Annotator "TA"]
[PlyCount "85"]
[EventDate "2020.03.06"]
[EventType "team-tourn"]
[EventCountry "CZE"]
[SourceTitle "playchess.com"]
[Source "ChessBase"]
[SourceQuality "1"]

{[%evp 19,85,21,20,9,24,18,33,27,20,9,13,21,39,45,37,33,50,36,63,58,155,90,91,91,93,91,91,91,111,103,141,132,174,165,174,163,92,64,187,187,145,81,293,295,379,343,1064,602,578,562,497,500,854,756,1236,1160,1128,1022,1615,1493,12828,10681,12843,12839,12843,12843,12844,12844]} 1. Nf3 Nf6 2. c4 c5 3. Nc3 e6 4. g3 b6 5. Bg2 Bb7 6. O-O Be7 7. Re1 d5 8. cxd5 Nxd5 9. Nxd5 exd5 10. d4 O-O 11. b3 {E18: Queen's Indian: Old Main Line (4 g3 Bb7 5 Bg2 Be7 6 0-0 0-0 7 Nc3).} Nd7 12. Bb2 {[#]} Bf6 $146 ({Predecessor:} 12... Rc8 13. Rc1 c4 14. a4 Bb4 15. Bc3 Qe7 16. bxc4 Rxc4 17. Qb3 Bc6 18. Bxb4 {½-½ (18) Tsenkov,L (2260)-Wydornik,R (2194) ICCF email 2018}) 13. Qd2 {White is slightly better.} Re8 14. Rac1 Rc8 15. Bh3 Rc6 16. dxc5 Bxb2 17. Qxb2 {Hoping for Bxd7.} Rxc5 18. b4 Rxc1 19. Rxc1 b5 (19... g6 $14) 20. Bxd7 (20. Nd4 $142) 20... Qxd7 $16 21. Nd4 h5 22. Rc5 a6 23. Qc3 $40 {[%mdl 128] Threatens to win with Rc7. White attacks with force.} Rc8 24. Rxc8+ (24. f3 {with more complications.} g6 25. Kg2 Qd8 26. Qc1 Kg7 27. h4) 24... Qxc8 25. Qxc8+ Bxc8 {[%mdl 4096] Endgame KB-KN} 26. f3 Kf8 27. Kf2 Ke7 28. Ke3 Bd7 {[#]} (28... f6 $1 $14) 29. Nb3 $1 $18 Kd6 30. Kd4 g5 $2 (30... f6 $16) 31. Nc5 Bc8 32. e4 Be6 $2 (32... dxe4 33. Nxe4+ Ke7 34. Nxg5 Bf5) 33. e5+ {White is clearly winning.} Kc6 34. Nxa6 Bf5 35. Nc5 Bb1 (35... Bh3 $142 36. Nb3 h4 37. gxh4 gxh4) 36. a4 bxa4 37. Nxa4 Bc2 38. Nc3 Bb3 39. f4 gxf4 40. gxf4 h4 {[#]} 41. Nxd5 $1 {[%mdl 512]} Kb5 (41... Bxd5 42. b5+) 42. f5 Bc2 43. f6 {Accuracy: White = 87%, Black = 43%.} 1-0

[Event "WSTCC-50 2020"]
[Site "Prague"]
[Date "2020.03.11"]
[Round "6.8"]
[White "Burnett, Andrew"]
[Black "Langner, Ladislav"]
[Result "1-0"]
[WhiteElo "2138"]
[BlackElo "2377"]
[Annotator "TA"]
[PlyCount "87"]
[EventDate "2020.03.06"]
[EventType "team-tourn"]
[EventCountry "CZE"]
[SourceTitle "playchess.com"]
[Source "ChessBase"]
[SourceQuality "1"]

{[%evp 17,87,64,69,72,73,86,81,60,58,58,62,71,74,76,72,61,55,52,46,50,52,45,71,44,56,45,73,62,70,66,91,77,120,103,118,135,139,124,127,126,103,0,52,0,125,77,87,84,164,75,343,317,787,660,1357,1343,1329,1322,1283,1195,1577,1754,1646,1645,1556,1521,1524,1510,1488,1386,839,539]} 1. Nf3 Nf6 2. c4 g6 3. Nc3 c5 4. d4 cxd4 5. Nxd4 b6 6. e4 d6 7. f3 Bg7 8. Be3 Bb7 9. Be2 Nbd7 10. Qd2 {A34: Symmetrical English: 2 Nc3, lines with ...d5.} Rc8 11. Rc1 a6 12. b3 {White is better.} O-O 13. O-O e6 14. Rfd1 Qc7 15. Bf1 Rfe8 16. Nde2 Bf8 17. Nf4 Qb8 18. Kh1 {[#]} Be7 $146 ({Predecessor:} 18... Bc6 19. a4 Ne5 20. Qf2 Nfd7 21. Nfe2 b5 22. cxb5 axb5 23. Nd4 bxa4 24. bxa4 Bb7 {1-0 (32) Pelletier,Y (2531)-Forster,R (2462) Zuerich 2001}) 19. Qf2 Bd8 20. a4 Kh8 21. Be2 Rg8 22. Nh3 Kg7 23. Bf4 Ne5 24. Qe3 h5 25. Rd2 Bc6 26. Rcd1 Be7 27. Bh6+ Kh7 28. Bg5 Kg7 29. Bh6+ (29. f4 $16 Neg4 30. Bxf6+ Nxf6 31. f5 $1 {[%mdl 512]}) 29... Kh7 $1 $14 30. Bg5 ({White should play} 30. Kg1 $14) 30... Kg7 $1 $16 31. Qf4 {Hoping for Rxd6!} Ned7 32. Qh4 Qb7 {[#]} (32... Rge8 $16 {was called for.}) 33. Nf4 (33. b4 $1 $18 {and White stays clearly on top.}) 33... Nc5 $2 {[%mdl 8192] Loses the game.} (33... Rge8 $16) 34. Rxd6 $18 Nxb3 $2 (34... Rge8 35. b4 Nxa4) 35. e5 {White is clearly winning.} Bxd6 36. Bxf6+ ({Stronger than} 36. exd6 Nd7 $11) 36... Kf8 37. Rxd6 Nc5 38. Qg5 Nd7 39. Qh6+ Ke8 40. Qh7 {Rxe6+! would kill now.} Nxf6 41. exf6 {[%cal Rh7g8]} Rf8 {[#]} 42. Nxe6 $1 fxe6 43. Rxe6+ Kd8 44. Qe7+ {Accuracy: White = 80%, Black = 62%.} 1-0

[Event "WSTCC-50 2020"]
[Site "Prague"]
[Date "2020.03.11"]
[Round "6.9"]
[White "Petursson, Margeir"]
[Black "Ftacnik, Lubomir"]
[Result "1/2-1/2"]
[WhiteElo "2466"]
[BlackElo "2513"]
[Annotator "TA"]
[PlyCount "37"]
[EventDate "2020.03.06"]
[EventType "team-tourn"]
[EventCountry "CZE"]
[SourceTitle "playchess.com"]
[Source "ChessBase"]
[SourceQuality "1"]

{[%evp 12,37,12,-2,10,0,7,10,11,4,15,10,18,11,9,-14,0,0,7,7,22,8,16,-25,-17,-20,-12,-12]} 1. d4 Nf6 2. Nf3 g6 3. g3 Bg7 4. Bg2 d5 5. O-O O-O 6. Nbd2 Na6 7. Nb3 {The old main line. has lost popularity (7.b3).} c6 {D02: 1 d4 d5 2 Nf3 sidelines, including 2...Nf6 3 g3 and 2...Nf6 3 Bf4.} 8. Bf4 Bf5 {[#]} 9. Rc1 $146 ({Predecessor:} 9. Be5 Qc8 10. Rc1 Bh6 11. e3 Nd7 12. Bf4 Bxf4 13. exf4 Nb6 14. Nc5 Nxc5 15. dxc5 {½-½ (48) Nikolic,P (2605)-Ftacnik,L (2557) Germany 2015}) 9... Rc8 10. Re1 Ne4 11. Nfd2 Nxd2 12. Qxd2 Re8 13. c4 dxc4 14. Rxc4 e5 15. Bg5 f6 16. Be3 Be6 17. Rc3 e4 18. Bh6 Bd5 19. Bxg7 {Not much happened in this game. Accuracy: White = 90%, Black = 100%.} 1/2-1/2

[Event "WSTCC-50 2020"]
[Site "Prague"]
[Date "2020.03.11"]
[Round "6.10"]
[White "Stohl, Igor"]
[Black "Thorhallsson, Throstur"]
[Result "1/2-1/2"]
[WhiteElo "2470"]
[BlackElo "2424"]
[Annotator "TA"]
[PlyCount "36"]
[EventDate "2020.03.06"]
[EventType "team-tourn"]
[EventCountry "CZE"]
[SourceTitle "playchess.com"]
[Source "ChessBase"]
[SourceQuality "1"]

{[%evp 18,21,0,0,2,-8]} 1. c4 e6 2. Nf3 d5 3. b3 Nf6 4. Bb2 Be7 5. g3 O-O 6. Bg2 c5 7. cxd5 Nxd5 8. Nc3 Nxc3 9. Bxc3 Nc6 10. O-O Qc7 {A14: English Opening: 1...e6 with b3 by White.} 11. Qc2 {[#] An uneventful encounter.} {Predecessor:} f6 $146 12. Rac1 e5 13. Nh4 f5 14. Nf3 Be6 15. d3 Rad8 16. b4 cxb4 17. Bxe5 Qa5 18. Bb2 Qxa2 {0-1 (52) Zhao,X (2565)-Hou,Y (2606) Beijing 2012} 1/2-1/2

[Event "WSTCC-50 2020"]
[Site "Prague"]
[Date "2020.03.11"]
[Round "6.11"]
[White "Jonsson, Bjorgvin"]
[Black "Motuz, Karol"]
[Result "1/2-1/2"]
[WhiteElo "2324"]
[BlackElo "2368"]
[Annotator "TA"]
[PlyCount "51"]
[EventDate "2020.03.06"]
[EventType "team-tourn"]
[EventCountry "CZE"]
[SourceTitle "playchess.com"]
[Source "ChessBase"]
[SourceQuality "1"]

{[%evp 22,49,40,16,16,16,16,16,18,25,16,16,18,23,18,19,16,17,16,16,25,16,25,26,27,0,0,0,0,0]} 1. e4 e5 2. Nf3 Nc6 3. Bb5 a6 4. Ba4 Nf6 5. O-O Nxe4 6. d4 b5 7. Bb3 d5 8. dxe5 Be6 9. Nbd2 Nc5 10. c3 Be7 11. Bc2 d4 12. Ne4 {[%cal Rf3d4]} (12. Nxd4 {is more complex.} Nxd4 13. cxd4 Qxd4 14. Nf3 Qxd1 15. Rxd1 Rd8 16. Rxd8+ Kxd8 17. Be3) 12... d3 {C83: Open Ruy Lopez: 9 c3 Be7.} 13. Nxc5 dxc2 14. Qxd8+ Rxd8 ({Much worse is} 14... Bxd8 15. Nxe6 fxe6 16. Be3 $16) 15. Nxe6 fxe6 16. Be3 Rd5 17. Rfc1 Nxe5 18. Nxe5 Rxe5 19. Rxc2 Kf7 20. c4 b4 21. Rd1 Rd8 22. Rxd8 Bxd8 23. Rd2 Ke8 24. Kf1 Bg5 25. Bxg5 {[#] Not much happened in this game. Accuracy: White = 90%, Black = 100%.} {Predecessor:} Rxg5 $146 26. b3 {½-½ (26) Anderson,B (2456)-Patrici,N (2519) ICCF email 2010} 1/2-1/2

[Event "WSTCC-50 2020"]
[Site "Prague"]
[Date "2020.03.11"]
[Round "6.12"]
[White "Petran, Peter"]
[Black "Gislason, Gudmundur"]
[Result "0-1"]
[WhiteElo "2268"]
[BlackElo "2322"]
[Annotator "TA"]
[PlyCount "116"]
[EventDate "2020.03.06"]
[EventType "team-tourn"]
[EventCountry "CZE"]
[SourceTitle "playchess.com"]
[Source "ChessBase"]
[SourceQuality "1"]

{[%evp 17,116,8,18,9,38,38,38,27,31,12,21,12,39,18,31,22,42,32,35,29,28,0,0,0,0,0,0,-4,-20,-66,-73,-266,-262,-264,-248,-252,-276,-265,-244,-248,-233,-590,-602,-688,-672,-718,-706,-1616,-1585,-1288,-426,-423,-420,-431,-420,-408,-400,-415,-407,-429,-414,-473,-473,-577,-567,-607,-629,-618,-607,-606,-602,-713,-708,-708,-710,-708,-707,-706,-699,-675,-666,-778,-785,-756,-509,-887,-877,-844,-693,-858,-823,-981,-965,-29968,-29969,-29969,-29971,-29971,-29970,-6648,-2059]} 1. g3 Nf6 2. Bg2 g6 3. e4 d6 4. d4 Bg7 5. Ne2 O-O 6. Nbc3 e5 7. h3 a6 8. a4 Nc6 9. Be3 Rb8 {[#]} 10. d5 $146 {B07: Pirc Defence: Miscellaneous Systems.} ({Predecessor:} 10. a5 exd4 11. Nxd4 Ne5 12. b3 c5 13. Nde2 Nc6 14. Bf4 Ne8 15. Qd2 Be6 16. O-O Nxa5 17. Rad1 Nc6 {½-½ (59) Al Tamimi,H (2231)-Gromovs,S (2161) Caleta 2013}) 10... Ne7 11. a5 Nd7 12. O-O {White is slightly better.} Qe8 13. f3 f5 14. Qd2 Rf7 15. Na4 Nf6 16. c4 Nh5 17. Ba7 Ra8 18. Bf2 Bd7 19. b3 Qc8 20. Kh2 Qf8 $36 {[%mdl 2048] ...fxe4 is the strong threat. Black fights for an advantage.} 21. Nac3 Bh6 22. Qe1 Qg7 23. g4 Nf4 24. Bg3 $2 {Now White is beyond hope.} (24. Nxf4 $17 {keeps fighting.} Bxf4+ 25. Bg3) 24... Nxg2 $19 25. Kxg2 {[#]} Raf8 $1 26. Bf2 fxg4 27. fxg4 Bg5 (27... Qf6 28. Bg1 $15) 28. Ng3 {[#]} h5 $1 {[%mdl 512]} 29. Qe2 $2 (29. Be3 {was the crucial defense.} Qh6 30. Bxg5 Qxg5 31. Rxf7 Rxf7 32. Qc1) (29. gxh5 gxh5) 29... hxg4 30. hxg4 Rf4 31. Be3 Bxg4 32. Qd2 {[#]} Qh6 $1 {[%mdl 512] ( -> ...Qh3+)} 33. Bxf4 Qh3+ (33... Bxf4 $142 34. Qf2 Bh3+ {[%mdl 64] Skewer} 35. Kh1 Bxf1+ {[%mdl 64] Discovered Attack} 36. Qh2 Bh3) 34. Kg1 Bxf4 ({Resist} 34... exf4 35. Qh2 $19) 35. Qh2 {intending Qxh3.} Qxg3+ ({Less strong is} 35... Bxg3 36. Qxh3 Bxh3 37. Rxf8+ Kxf8 38. Nd1 $19) 36. Qxg3 Bxg3 37. Rxf8+ Kxf8 38. Kg2 Bf4 39. Kf2 Ng8 40. Ne2 Bd2 41. Ra2 Nf6 42. Ng3 Bb4 43. Ra4 Bc3 44. Ke3 Nd7 45. Ne2 Bxe2 46. Kxe2 Nc5 47. Ra2 Nxb3 {White must now prevent ...Nc1+.} 48. Ra3 Nd4+ 49. Kd3 Bb4 50. Ra2 Kg7 51. Ra4 (51. Rb2 $142 c5 52. dxc6 Nxc6 53. Ke2) 51... Bc5 52. Ra2 g5 53. Rb2 b6 54. Ra2 bxa5 55. Rxa5 g4 56. Rxa6 g3 57. Ke3 Kg6 58. Ra8 Kg5 {Accuracy: White = 57%, Black = 91%.} 0-1

[Event "WSTCC-50 2020"]
[Site "Prague"]
[Date "2020.03.11"]
[Round "6.13"]
[White "Matveeva, Svetlana"]
[Black "Potapov, Alexander"]
[Result "1/2-1/2"]
[WhiteElo "2375"]
[BlackElo "2413"]
[Annotator "TA"]
[PlyCount "78"]
[EventDate "2020.03.06"]
[EventType "team-tourn"]
[EventCountry "CZE"]
[SourceTitle "playchess.com"]
[Source "ChessBase"]
[SourceQuality "1"]

{[%evp 18,78,24,21,50,25,53,31,42,4,20,0,0,0,0,0,0,0,0,-4,-26,-70,-60,-151,-157,-142,-80,-79,-44,-71,0,-83,-77,-74,-20,-12,-13,-11,-12,-43,-55,-72,85,95,87,86,90,96,121,124,129,18,20,19,39,0,0,0,43,0,0,0,47]} 1. d4 d5 2. c4 c6 3. Nc3 e6 4. e3 Nf6 5. Nf3 Nbd7 6. Qc2 Be7 7. b3 b6 8. Bd3 Bb7 9. O-O O-O 10. Bb2 Qc7 {D46: Semi-Slav: 5 e3 Nbd7 6 Bd3, Black avoids the Meran.} 11. Rac1 Rad8 12. Rfd1 Rfe8 {White is slightly better.} 13. Qe2 h6 14. e4 (14. h3 {seems wilder.} Qb8 15. Ne5 dxc4 16. Bxc4 Rf8 17. Nf3) 14... dxe4 15. Nxe4 c5 16. dxc5 Bxe4 17. Bxe4 {[#]} Bxc5 $146 ({Predecessor:} 17... Nxe4 18. Qxe4 Nxc5 19. Qe2 Rxd1+ 20. Rxd1 Rd8 21. h3 Rxd1+ 22. Qxd1 Ne4 23. Qc2 f5 24. Nd2 Nxd2 25. Qxd2 Kf7 {½-½ (25) Izsak,G (2430)-Reiss,T (2379) Hungary 2006}) 18. Bc2 e5 {With the idea ...Ng4.} 19. Bf5 e4 20. Nd4 (20. Ne1 $1 $15) 20... Ne5 $1 $17 {[%cal Re5d3]} 21. Nb5 Rxd1+ (21... Qb8 $142 22. Rxd8 Rxd8) 22. Rxd1 Qb8 23. Bd4 Nd3 (23... Bxd4 $17 24. Nxd4 (24. Rxd4 a6 $17) 24... g6) 24. Qe3 (24. Bxc5 $1 $11 {keeps the balance.} Nxc5 25. Bh3) 24... Bxd4 25. Nxd4 Qe5 ({Better is} 25... g6 $1 $17 {[%cal Rg6f5]} 26. Bh3 Qe5) 26. f3 $11 Nb4 27. Bxe4 Nxa2 {[%cal Rf6e4]} 28. Ra1 Nb4 $1 29. Rxa7 {[#]} Qc5 $2 {[#]} (29... g6 $1 $17 {keeps the pressure on. And now ...Rd8 would win.} 30. Ne2 Rd8) 30. Ra8 $1 $16 Rxa8 31. Bxa8 Qa5 {Strongly threatening ...Qa1+.} 32. Be4 Qa1+ 33. Kf2 Qb2+ 34. Ne2 (34. Kg3 $16) 34... Nxe4+ $11 35. Qxe4 Qd2 {aiming for ...Nd3+.} 36. Qe8+ (36. Kg3 $5 {[%cal Re4e8]} Nd3 37. Nf4 Nxf4 38. Qxf4 Qe1+ 39. Kg4 $16) 36... Kh7 37. Qe4+ Kg8 {...Nd3+ is the strong threat.} 38. Qe8+ (38. Kg3 $5 {[%cal Re4e8]} Nd3 39. Nf4 Nxf4 40. Qxf4 Qe1+ 41. Kh3 $16) 38... Kh7 {( -> ...Nd3+)} 39. Qe4+ Kg8 {Accuracy: White = 53%, Black = 69%.} 1/2-1/2